Guess the singer - J - Statistics

General Stats
  • This quiz has been taken 119 times
  • The average score is 13 of 30
Answer Stats
Hint Answer % Correct
Don't Stop Believin' Journey
85%
Imagine John Lennon
84%
Empire State of Mind Jay-Z
83%
SexyBack Justin Timberlake
79%
Baby Justin Bieber
76%
I Love Rock 'n Roll Joan Jett
69%
Ring of Fire Johnny Cash
66%
All of Me John Legend
64%
Take Me Home, Country Roads John Denver
61%
Purple Haze Jimi Hendrix
53%
Lucid Dreams Juice WRLD
47%
Rhythm Nation Janet Jackson
44%
Jack & Diane John Mellencamp
43%
I'm Yours Jason Mraz
42%
Margaritaville Jimmy Buffett
42%
Piece of My Heart Janis Joplin
39%
Domino Jessie J
38%
Your Body Is a Wonderland John Mayer
38%
Love Don't Cost a Thing Jennifer Lopez
36%
No Role Modelz J. Cole
34%
First Class Jack Harlow
33%
Breaking the Law Judas Priest
29%
Want to Want Me Jason Derulo
28%
Hold Back the River James Bay
19%
Down Jay Sean
18%
You Raise Me Up Josh Groban
16%
Tribute Jack Black
13%
Burnin' Up Jonas Brothers
13%
If the World Was Ending Julia Michaels
10%
Beautiful Soul Jesse McCartney
9%
No matching quizzes found
Score Distribution
Percent of People with Each Score
Percentile by Number Answered
Your Score History
You have not taken this quiz